01256nam a2200205Ia 450000500170000000800410001704000440005804100080010208200140011010000360012424500600016026000470022030000350026750003830030250501830068550600210086865000310088965000330092085600970095320160426093805.0130821s1885 enk fr 1 spa d aCo-BoUCMbspacSandra YazodSandra Yazo0 aspa04a322.12201 aRestrepo, Juan Pablod1840-189613aLa iglesia y el estado en ColombiacJuan Pablo Restrepo aLondres (Inglaterra)bEmiliano Isazac1885 axii, 690 páginasc23 x 16 cm aDetalles físicos: Encuadernación rígida en cartón forrado en tela. Tapas con recuadros y adornos repujados. Lomo con adornos en dorado y negro. Guardas, la delantera con una anotación manuscrita. Portada impresa en una sola tinta, muy manchada. Texto impreso en una sola tinta, algunas notas al pie de página. Papel muy manchado. Tapas y lomo con bordes deteriorados2 aIntroducción ; Época del gobierno español ; Época del gobierno republicano durante la unión de la iglesia y el estado ; Época de la separación de las dos potestades aConsulta en sala 7aIglesia y EstadozColombia 7aIglesia CatólicazColombia41uhttps://archive.org/stream/laiglesiayelest00restgoog#page/n7/mode/2upzDisponible en línea